| 000 | 02237cam a2200505Ii 4500 | ||
|---|---|---|---|
| 999 |
_c200454392 _d72604 |
||
| 001 | 200454392 | ||
| 003 | TR-AnTOB | ||
| 005 | 20241115112547.0 | ||
| 006 | m o d | ||
| 007 | cr cnu---unuuu | ||
| 008 | 230826t20142014enk ob 001 0 eng | ||
| 020 |
_a9781118405444 _q(e-book) |
||
| 020 |
_a1118405447 _q(e-book) |
||
| 020 | _z9781118405468 | ||
| 020 | _z1118405463 | ||
| 020 |
_a9781118405482 _q(e-book) |
||
| 020 |
_a111840548X _q(e-book) |
||
| 020 |
_z9781118405512 _q(pbk.) |
||
| 035 | _a(OCoLC)871186957 | ||
| 035 | _a(TR-AnTOB)200454392 | ||
| 040 |
_aDLC _beng _erda _cDLC _dOCLCO _dDG1 _dTR-AnTOB |
||
| 041 | 0 | _aeng | |
| 060 | 1 | 0 |
_aWF 141 _bB732 2014 |
| 096 |
_aWF141 _bB732 2014EBK |
||
| 100 | 1 |
_aBorg, Brigitte M. _q(Marianne), _d1970- _eauthor _9143473 |
|
| 245 | 1 | 0 |
_aInterpreting lung function tests : _ba step-by-step guide / _cBrigitte Marianne Borg, Bruce Robert Thompson, Robyn Elizabeth O'Hehir. |
| 264 | 1 |
_aChichester, West Sussex, UK ; _aHoboken, NJ : _bWiley Blackwell, _c2014. |
|
| 264 | 4 | _c©2014 | |
| 300 | _a1 online resource | ||
| 336 |
_atext _btxt _2rdacontent |
||
| 337 |
_acomputer _bc _2rdamedia |
||
| 338 |
_aonline resource _bcr _2rdacarrier |
||
| 504 | _aBIBINDX | ||
| 505 | 0 | _aGeneral features of interpretation and report writing -- Spirometry -- Static lung volumes -- Carbon monoxide transfer factor -- single breath method -- Tests of respiratory muscle strength -- Bronchial provocation tests -- The importance of quality tests -- When results don't fit the rules | |
| 650 | 0 |
_aPulmonary function tests _vHandbooks, manuals, etc. |
|
| 650 | 2 |
_aRespiratory Function Tests _9143474 |
|
| 655 | 0 |
_aElectronic books _92032 |
|
| 700 | 1 |
_aThompson, Bruce R. _q(Robert), _d1967- _eauthor _9143475 |
|
| 700 | 1 |
_aO'Hehir, Robyn E. _q(Elizabeth), _d1954- _eauthor _9143476 |
|
| 776 | 0 | 8 |
_iPrint version: _aBorg, Brigitte M. (Marianne), 1970- _tInterpreting lung function tests _dChichester, West Sussex, UK ; Hoboken, NJ : Wiley Blackwell, 2014 _z9781118405512 _w(DLC) 2014005432 |
| 856 | 4 | 0 |
_3Wiley Online Library _zOnline access link to the resource _uhttps://onlinelibrary.wiley.com/doi/book/10.1002/9781118405444 |
| 942 |
_2NLM _cEBK |
||